[Event "Cacak-ch rapid"]
[Site "Cacak"]
[Date "2014.12.11"]
[Round "5"]
[White "Radivojevic, Miladin"]
[Black "Matovic, Petar"]
[Result "1/2-1/2"]
[WhiteElo "2156"]
[BlackElo "2165"]
[PlyCount "100"]
[EventDate "2014.12.10"]
[EventType "swiss (rapid)"]
[EventRounds "9"]
[EventCountry "SRB"]
[SourceTitle "EXT 2017"]
[Source "ChessBase"]
[SourceDate "2016.10.25"]
[SourceVersion "1"]
[SourceVersionDate "2016.10.25"]
[SourceQuality "1"]

1. e4 d5 2. exd5 Qxd5 3. Nc3 Qa5 4. d4 c6 5. Nf3 Nf6 6. Bc4 Bf5 7. Ne5 e6 8. Bd2 Bb4 9. Qe2 0-0 10. a3 Nd5 11. g4 Bg6 12. h4 Nxc3 13. bxc3 Bxc3 14. Nxg6 Bxd2+ 15. Qxd2 Qxd2+ 16. Kxd2 hxg6 17. a4 b6 18. f4 Rd8 19. Ke3 Nd7 20. g5 a6 21. h5 gxh5 22. Rxh5 g6 23. Rh6 Kg7 24. Rah1 Nf8 25. Bd3 b5 26. Be4 Rd6 27. c3 Rb8 28. Rb1 a5 29. Rh2 b4 30. Rhb2 Nd7 31. cxb4 axb4 32. Rxb4 Rxb4 33. Rxb4 c5 34. dxc5 Nxc5 35. Bc2 Na6 36. Rc4 Kf8 37. Be4 Ke7 38. Rc6 Kd7 39. Rxd6+ Kxd6 40. Bd3 Nb4 41. a5 e5 42. Bc4 exf4+ 43. Kxf4 Ke7 44. Ke4 f6 45. gxf6+ Kxf6 46. Bb5 Ke6 47. Kd4 Kd6 48. Kc4 Nc6 49. a6 Na7 50. Be8 g5 1/2-1/2

[Event "SRB-chT 1st League"]
[Site "Vrnjacka Banja"]
[Date "2009.09.24"]
[Round "9"]
[White "Radivojevic, Miladin"]
[Black "Tomic, Miroslav"]
[Result "1/2-1/2"]
[WhiteElo "2163"]
[BlackElo "2050"]
[PlyCount "117"]
[EventDate "2009.09.19"]
[EventType "team-swiss"]
[EventRounds "11"]
[EventCountry "YUG"]
[SourceTitle "CBM 132 Extra"]
[Source "ChessBase"]
[SourceDate "2009.11.03"]
[SourceVersion "1"]
[SourceVersionDate "2009.11.03"]
[SourceQuality "1"]

1. e4 c6 2. Nf3 d5 3. Nc3 Bg4 4. exd5 cxd5 5. Be2 Nc6 6. 0-0 e6 7. Nb5 Qb6 8. Nfd4 Bxe2 9. Qxe2 Nxd4 10. Nxd4 Qxd4 11. Qb5+ Kd8 12. Qxb7 Rc8 13. Qxf7 Qf6 14. Qxa7 Bc5 15. Qa5+ Ke7 16. c3 Nh6 17. Qa4 Rhf8 18. d4 Bd6 19. h3 Rc7 20. Qd1 Qh4 21. Qd3 Ng8 22. a4 Nf6 23. Qe3 Ne4 24. f4 g6 25. a5 Kf7 26. Kh2 Kg7 27. g3 Qf6 28. h4 h6 29. Bd2 Qf5 30. Qe2 Nf6 31. Rfe1 Re8 32. a6 Ne4 33. Rf1 Nf6 34. Be1 Qe4 35. Qxe4 Nxe4 36. Rf3 Rb8 37. b4 Ra7 38. Re3 Rb6 39. Kh3 Rbxa6 40. Rxa6 Rxa6 41. c4 Ra2 42. c5 Bb8 43. b5 Rb2 44. b6 h5 45. Ra3 Rc2 46. Rd3 Re2 47. Rd1 Nf6 48. c6 Ng4 49. Rd2 Rxe1 50. Rc2 Ne3 51. c7 Bxc7 52. bxc7 Nxc2 53. c8Q Nxd4 54. Qc3 Re4 55. Qc7+ Kf6 56. Qb8 Kf7 57. Qc7+ Kf6 58. Qd6 Kf7 59. Qd7+ 1/2-1/2

[Event "SRB-chT2"]
[Site "Golubac"]
[Date "2008.09.22"]
[Round "4"]
[White "Kolarevic, Darko"]
[Black "Radivojevic, Miladin"]
[Result "1-0"]
[WhiteElo "2171"]
[BlackElo "2166"]
[PlyCount "63"]
[EventDate "2008.09.20"]
[EventType "team-tourn"]
[EventRounds "11"]
[EventCountry "YUG"]
[SourceTitle "EXT 2010"]
[Source "ChessBase"]
[SourceDate "2010.11.25"]
[SourceVersion "1"]
[SourceVersionDate "2010.11.25"]
[SourceQuality "1"]

1. d4 Nf6 2. c4 g6 3. Nc3 Bg7 4. e4 d6 5. Nf3 0-0 6. Be2 c5 7. d5 b5 8. cxb5 a6 9. 0-0 axb5 10. Bxb5 Ba6 11. Bxa6 Rxa6 12. Nd2 Nbd7 13. Qe2 Qa8 14. Nc4 Nb6 15. Nxb6 Rxb6 16. Rb1 Nd7 17. Bd2 Bxc3 18. Bxc3 Qxa2 19. Ra1 Qb3 20. Ra3 Qb5 21. Qg4 Nf6 22. Qh4 Qc4 23. Qh6 Rfb8 24. Re1 Ra6 25. Rxa6 Qxa6 26. h3 Ra8 27. Re3 Qa1+ 28. Kh2 Qc1 29. Qh4 Kg7 30. Rf3 g5 31. Qg4 Qxc3 32. Qxg5+ 1-0

[Event "SRB-chT 1st League"]
[Site "Vrnjacka Banja"]
[Date "2007.09.08"]
[Round "1.1"]
[White "Ikic, Alija"]
[Black "Radivojevic, Miladin"]
[Result "1-0"]
[WhiteElo "2137"]
[BlackElo "2182"]
[PlyCount "129"]
[EventDate "2007.09.08"]
[EventType "team"]
[EventRounds "11"]
[EventCountry "SRB"]
[SourceTitle "EXT 2012"]
[Source "ChessBase"]
[SourceDate "2011.11.24"]
[SourceVersion "1"]
[SourceVersionDate "2011.11.24"]
[SourceQuality "1"]
[WhiteTeam "Novi Pazar INA Dizajn"]
[BlackTeam "Gornji Milanovac Metalac"]
[WhiteTeamCountry "SRB"]
[BlackTeamCountry "SRB"]

1. Nf3 Nf6 2. c4 g6 3. Nc3 Bg7 4. d4 d6 5. e4 0-0 6. Be2 c5 7. d5 e5 8. 0-0 Ne8 9. Bg5 f6 10. Bh4 h5 11. h3 g5 12. Bg3 h4 13. Bh2 Bh6 14. Ne1 Ng7 15. Bg4 Nd7 16. f3 a6 17. Nd3 Rb8 18. a4 b6 19. Kh1 Qe8 20. Bg1 Rf7 21. b4 Nf8 22. a5 cxb4 23. Nxb4 bxa5 24. Nc6 Ra8 25. Rxa5 Bd7 26. Qa4 f5 27. exf5 Bxf5 28. Rxa6 Rxa6 29. Qxa6 Bxg4 30. hxg4 Qd7 31. Nxe5 dxe5 32. Qxh6 h3 33. Ne4 Qa4 34. Nf6+ Rxf6 35. Qxf6 Qxc4 36. Rf2 hxg2+ 37. Kxg2 Qxd5 38. Qxg5 Nfe6 39. Qd2 Nf4+ 40. Kg3 Nd3 41. Qa2 Qxa2 42. Rxa2 Kf7 43. Be3 Ke6 44. Ra3 Nb4 45. Ra8 Kf7 46. Kh4 Kg6 47. Ra5 Kf6 48. Rb5 Nd3 49. Rb6+ Ne6 50. g5+ Kf5 51. g6 Ne1 52. Kg3 Ng7 53. Bh6 Nh5+ 54. Kf2 Nd3+ 55. Ke3 Ndf4 56. Bxf4 exf4+ 57. Kd3 Ng7 58. Ke2 Kg5 59. Kd3 Kf5 60. Ra6 Nh5 61. Ra5+ Kxg6 62. Ke4 Nf6+ 63. Kxf4 Ne8 64. Ra6+ Kf7 65. Ke5 1-0

[Event "Belgrade Trophy 19th"]
[Site "Belgrade"]
[Date "2006.11.29"]
[Round "8"]
[White "Grujicic, Zoran"]
[Black "Radivojevic, Miladin"]
[Result "0-1"]
[WhiteElo "2010"]
[BlackElo "2180"]
[PlyCount "76"]
[EventDate "2006.11.22"]
[EventType "swiss"]
[EventRounds "9"]
[EventCountry "YUG"]
[SourceTitle "CBM 115 Extra"]
[Source "ChessBase"]
[SourceDate "2007.01.10"]
[SourceVersion "1"]
[SourceVersionDate "2007.01.10"]
[SourceQuality "1"]

1. Nf3 Nf6 2. d4 g6 3. c4 Bg7 4. Nc3 0-0 5. e4 d6 6. Be2 c5 7. 0-0 Nc6 8. d5 Na5 9. Qc2 e5 10. Bg5 h6 11. Bd2 b6 12. Ne1 Nd7 13. Bd3 a6 14. Rb1 f5 15. exf5 gxf5 16. Bxf5 Nxc4 17. Be6+ Kh8 18. Bc1 b5 19. b3 Ncb6 20. Be3 Nf6 21. Bxc8 Rxc8 22. Rd1 b4 23. Ne4 Nbxd5 24. Bc1 Nxe4 25. Qxe4 Nc3 26. Qc2 Nxd1 27. Qxd1 d5 28. Qh5 Qf6 29. Nf3 Qf5 30. Qh4 e4 31. Ng5 Rc6 32. Nh3 Rg6 33. Nf4 Rg4 34. Qe7 Rxf4 35. Bxf4 Qxf4 36. Qxc5 d4 37. g3 Qf3 38. Qxb4 e3 0-1

[Event "Belgrade Trophy 19th"]
[Site "Belgrade"]
[Date "2006.11.27"]
[Round "6"]
[White "Martic, Ivan"]
[Black "Radivojevic, Miladin"]
[Result "1-0"]
[WhiteElo "2325"]
[BlackElo "2180"]
[PlyCount "81"]
[EventDate "2006.11.22"]
[EventType "swiss"]
[EventRounds "9"]
[EventCountry "YUG"]
[SourceTitle "CBM 115 Extra"]
[Source "ChessBase"]
[SourceDate "2007.01.10"]
[SourceVersion "1"]
[SourceVersionDate "2007.01.10"]
[SourceQuality "1"]

1. e4 g6 2. d4 Bg7 3. Nc3 c6 4. Nf3 d5 5. h3 dxe4 6. Nxe4 Bf5 7. Ng3 Be6 8. Bd3 Nh6 9. 0-0 Qd7 10. Ng5 0-0 11. Nxe6 Qxe6 12. Re1 Qd6 13. c3 Kh8 14. Qf3 a5 15. Bf4 Qd8 16. Bg5 f6 17. Bxh6 Bxh6 18. Re6 Nd7 19. Qe2 Rf7 20. Re1 Bf8 21. Ne4 a4 22. a3 Nb6 23. Bc4 Rg7 24. Nc5 Nd7 25. Ne4 b5 26. Ba2 Rc8 27. Rd1 Qa5 28. Qe3 Qb6 29. Rd3 Rd8 30. Qf3 h6 31. Ng3 Rc8 32. Ne2 Qc7 33. Nf4 c5 34. Qg4 Kh7 35. Rg3 f5 36. Qf3 Nf6 37. Nxg6 cxd4 38. Qxf5 Qxg3 39. fxg3 Rxg6 40. Bb1 d3 41. Bxd3 1-0

[Event "SRB-chT 1st League"]
[Site "Vrnjacka Banja"]
[Date "2006.09.09"]
[Round "1.2"]
[White "Radivojevic, Miladin"]
[Black "Ristovic, Mileta"]
[Result "1-0"]
[WhiteElo "2180"]
[BlackElo "2132"]
[PlyCount "65"]
[EventDate "2006.09.09"]
[EventType "team"]
[EventRounds "11"]
[EventCountry "SRB"]
[SourceTitle "EXT 2012"]
[Source "ChessBase"]
[SourceDate "2011.11.24"]
[SourceVersion "1"]
[SourceVersionDate "2011.11.24"]
[SourceQuality "1"]
[WhiteTeam "Gornji Milanovac Metalac"]
[BlackTeam "Novi Pazar INA Dizajn"]
[WhiteTeamCountry "SRB"]
[BlackTeamCountry "SRB"]

1. e4 e6 2. d4 d5 3. Nc3 dxe4 4. Nxe4 Bd7 5. Nf3 Bc6 6. Bd3 Nd7 7. Bg5 Be7 8. h4 Ngf6 9. Qe2 Nxe4 10. Bxe4 Bxe4 11. Qxe4 c6 12. 0-0-0 h6 13. Bf4 Qa5 14. Kb1 Qd5 15. Qd3 Nb6 16. Ne5 Bf6 17. c4 Qd8 18. Qg3 Qe7 19. Rhe1 0-0-0 20. Qb3 Bxh4 21. c5 Nd7 22. Nc4 Nf6 23. Nd6+ Rxd6 24. Bxd6 Qd8 25. g3 Ne8 26. gxh4 Nxd6 27. cxd6 Qxd6 28. Qg3 Qf8 29. h5 Rg8 30. Rg1 Qb4 31. a3 Qa5 32. Qe5 Qa4 33. Rc1 1-0

[Event "SCG-chT 4th"]
[Site "Vrnjacka Banja"]
[Date "2006.05.04"]
[Round "4"]
[White "Robulj, Nenad"]
[Black "Radivojevic, Miladin"]
[Result "1-0"]
[WhiteElo "2268"]
[BlackElo "2178"]
[PlyCount "105"]
[EventDate "2006.05.01"]
[EventType "team"]
[EventRounds "7"]
[EventCountry "YUG"]
[SourceTitle "CBM 112 Extra"]
[Source "ChessBase"]
[SourceDate "2006.07.14"]
[SourceVersion "1"]
[SourceVersionDate "2006.07.14"]
[SourceQuality "1"]

1. e4 c5 2. Nf3 d6 3. c3 Qc7 4. d4 g6 5. Bf4 Bg7 6. e5 Qa5 7. exd6 cxd4 8. Nxd4 e5 9. Nb5 exf4 10. Nc7+ Kd8 11. Nxa8 Nh6 12. Nc7 Qe5+ 13. Be2 f3 14. gxf3 Nf5 15. Qd5 Re8 16. Qxe5 Rxe5 17. f4 Re4 18. Nd2 Rxf4 19. Nd5 Rh4 20. 0-0-0 Be6 21. Bf3 Nd7 22. Ne4 Ne5 23. Bg2 Nc4 24. Nc5 Bh6+ 25. Kb1 Nfxd6 26. Nxe6+ fxe6 27. Nb4 Ke7 28. h3 a5 29. Nd3 b6 30. Rhe1 Rh5 31. b3 Na3+ 32. Kb2 Nab5 33. a4 Nc7 34. Ne5 Bg7 35. Nc6+ Kd7 36. Rd3 Nd5 37. Bxd5 exd5 38. Ne7 d4 39. c4 Nf5 40. Nd5 Kc6 41. Re6+ Nd6 42. Re7 Nf5 43. Rc7+ Kd6 44. Rb7 Ke5 45. Rxb6 Ke4 46. Kc2 Nh4 47. Rb7 Be5 48. f4 Ng2 49. fxe5 Rf5 50. Nf6+ Kxe5 51. Ng4+ Ke6 52. Rxd4 h5 53. Rb6+ 1-0

[Event "SCG-chT 4th"]
[Site "Vrnjacka Banja"]
[Date "2006.05.01"]
[Round "1"]
[White "Radivojevic, Miladin"]
[Black "Simonovic, Aleksandar"]
[Result "0-1"]
[WhiteElo "2178"]
[BlackElo "2422"]
[PlyCount "76"]
[EventDate "2006.05.01"]
[EventType "team"]
[EventRounds "7"]
[EventCountry "YUG"]
[SourceTitle "CBM 112 Extra"]
[Source "ChessBase"]
[SourceDate "2006.07.14"]
[SourceVersion "1"]
[SourceVersionDate "2006.07.14"]
[SourceQuality "1"]

1. e4 c5 2. Nf3 d6 3. d4 cxd4 4. Nxd4 Nf6 5. Nc3 Nc6 6. f3 e5 7. Nxc6 bxc6 8. Bc4 Be7 9. Be3 0-0 10. Qd2 a5 11. 0-0-0 a4 12. g4 Be6 13. Qe2 a3 14. b3 Qa5 15. Bd2 Qc5 16. Bd3 Rfb8 17. Kb1 Nd7 18. Qe1 Qb6 19. Be3 Nc5 20. Ka1 Qb7 21. Qf2 Nxd3 22. Rxd3 d5 23. Bc5 d4 24. Bxe7 Qxe7 25. Nd1 c5 26. c4 Rb4 27. Qc2 Rab8 28. Rd2 Qg5 29. Qc1 Bxc4 30. Rc2 Qxc1+ 31. Rxc1 Be2 32. Rxc5 Bxf3 33. Re1 d3 34. Rxe5 d2 35. Rf1 Rc8 36. Nc3 d1Q+ 37. Rxd1 Bxd1 38. Kb1 Bxb3 0-1

[Event "SRB-chT 1st League"]
[Site "Serbia"]
[Date "2005.09.30"]
[Round "9.2"]
[White "Radivojevic, Miladin"]
[Black "Simic, Dragisa"]
[Result "0-1"]
[WhiteElo "2172"]
[BlackElo "2314"]
[PlyCount "82"]
[EventDate "2005.09.25"]
[EventType "team"]
[EventRounds "11"]
[EventCountry "SRB"]
[SourceTitle "EXT 2012"]
[Source "ChessBase"]
[SourceDate "2011.11.24"]
[SourceVersion "1"]
[SourceVersionDate "2011.11.24"]
[SourceQuality "1"]
[WhiteTeam "Takovo Metalac"]
[BlackTeam "Telekom"]
[WhiteTeamCountry "SRB"]
[BlackTeamCountry "SRB"]

1. e4 e6 2. d4 d5 3. Nc3 Nf6 4. e5 Nfd7 5. Nce2 b6 6. f4 g6 7. Nf3 Ba6 8. c3 c5 9. g4 h5 10. gxh5 Rxh5 11. Ng3 Bxf1 12. Kxf1 Rh8 13. h4 Nc6 14. h5 gxh5 15. f5 Rg8 16. Kf2 cxd4 17. cxd4 Rg4 18. Rxh5 Nxd4 19. Nxd4 Rxd4 20. Qxd4 Bc5 21. Rh8+ Nf8 22. Qxc5 bxc5 23. Bh6 Qb6 24. Rxf8+ Kd7 25. Rxf7+ Kc6 26. Rb1 c4+ 27. Kg2 Qd4 28. Re7 exf5 29. Rf1 Rg8 30. Rxf5 Qxb2+ 31. Kh3 Rxg3+ 32. Kxg3 Qa3+ 33. Kf4 Qxe7 34. Rf6+ Kb5 35. Bf8 Qh7 36. e6 Qe4+ 37. Kg5 c3 38. Kh5 c2 39. Bh6 Qe5+ 40. Kg6 Qg3+ 41. Kh7 Qa3 0-1

[Event "SRB-chT 1st League"]
[Site "Serbia"]
[Date "2005.09.26"]
[Round "2.4"]
[White "Jovanovic, Dragan"]
[Black "Radivojevic, Miladin"]
[Result "1/2-1/2"]
[WhiteElo "2101"]
[BlackElo "2172"]
[PlyCount "31"]
[EventDate "2005.09.25"]
[EventType "team"]
[EventRounds "11"]
[EventCountry "SRB"]
[SourceTitle "EXT 2012"]
[Source "ChessBase"]
[SourceDate "2011.11.24"]
[SourceVersion "1"]
[SourceVersionDate "2011.11.24"]
[SourceQuality "1"]
[WhiteTeam "Jastrebac Blace"]
[BlackTeam "Takovo Metalac"]
[WhiteTeamCountry "SRB"]
[BlackTeamCountry "SRB"]

1. d4 Nf6 2. c4 c5 3. Nf3 g6 4. Nc3 Bg7 5. Bf4 cxd4 6. Nxd4 d6 7. Nf3 0-0 8. e3 Na6 9. Rc1 Qa5 10. Qa4 Qxa4 11. Nxa4 Ne4 12. Nd2 Nxd2 13. Kxd2 Bd7 14. Nc3 Nc5 15. f3 a5 16. b3 1/2-1/2

[Event "Belgrade Trophy 18th"]
[Site "Obrenovac"]
[Date "2005.??.??"]
[Round "4"]
[White "Radivojevic, Miladin"]
[Black "Novovic, Veljko"]
[Result "1-0"]
[WhiteElo "2172"]
[BlackElo "1824"]
[PlyCount "75"]
[EventDate "2005.11.22"]
[EventType "swiss"]
[EventRounds "9"]
[EventCountry "YUG"]
[SourceTitle "CBM 109 Extra"]
[Source "ChessBase"]
[SourceDate "2006.01.03"]
[SourceVersion "2"]
[SourceVersionDate "2006.01.03"]
[SourceQuality "1"]

1. e4 d6 2. d4 Nf6 3. Nc3 g6 4. Be3 Bg7 5. Qd2 Ng4 6. Bg5 h6 7. Bh4 g5 8. Bg3 e5 9. 0-0-0 exd4 10. Nb5 Nc6 11. Nf3 a6 12. Nbxd4 Qf6 13. h4 Nxd4 14. Qxd4 gxh4 15. Bxh4 Qf4+ 16. Qd2 Qxd2+ 17. Rxd2 0-0 18. Ne1 Be6 19. Kb1 Ne5 20. f3 b5 21. g4 b4 22. Be2 a5 23. Ng2 Bc4 24. Bd1 a4 25. f4 Nc6 26. Ne3 Na5 27. Nf5 b3 28. cxb3 axb3 29. a3 Nb7 30. Bf3 Nc5 31. e5 Bd3+ 32. Rxd3 Nxd3 33. Nxg7 Ra4 34. Nf5 Rxf4 35. Be2 Nxe5 36. Bf6 h5 37. Rxh5 Ng6 38. Ne7+ 1-0

[Event "Belgrade Trophy 18th"]
[Site "Obrenovac"]
[Date "2005.??.??"]
[Round "6"]
[White "Radivojevic, Miladin"]
[Black "Urosevic, Marija"]
[Result "1-0"]
[WhiteElo "2172"]
[BlackElo "2075"]
[PlyCount "87"]
[EventDate "2005.11.22"]
[EventType "swiss"]
[EventRounds "9"]
[EventCountry "YUG"]
[SourceTitle "CBM 109 Extra"]
[Source "ChessBase"]
[SourceDate "2006.01.03"]
[SourceVersion "2"]
[SourceVersionDate "2006.01.03"]
[SourceQuality "1"]

1. e4 c5 2. Nf3 e6 3. d4 cxd4 4. Nxd4 Nc6 5. Nc3 a6 6. Be2 Qc7 7. Be3 Nf6 8. Qd2 Bb4 9. f3 b5 10. 0-0 Bb7 11. Rf2 Be7 12. Kh1 h5 13. Bf4 Ne5 14. Bxb5 axb5 15. Ndxb5 Qb8 16. Qd4 d6 17. Nxd6+ Qxd6 18. Bxe5 Qxd4 19. Bxd4 0-0 20. a4 Bc6 21. b3 Nd7 22. Ne2 Rfb8 23. Nc1 Nc5 24. Kg1 f6 25. Kf1 e5 26. Bc3 Ne6 27. Rd2 Kf7 28. Nd3 Nd4 29. Bxd4 exd4 30. Rad1 Bd6 31. g3 h4 32. Kg2 hxg3 33. hxg3 g5 34. Nc1 g4 35. Rxd4 gxf3+ 36. Kxf3 Be5 37. Rc4 Rc8 38. Nd3 Bb8 39. Nb4 Rg8 40. Rxc6 Rxg3+ 41. Kf2 Be5 42. Rd7+ Kg6 43. Nd3 Bb8 44. e5 1-0

[Event "Belgrade Trophy 18th"]
[Site "Obrenovac"]
[Date "2005.??.??"]
[Round "5"]
[White "Skare, Goran"]
[Black "Radivojevic, Miladin"]
[Result "1-0"]
[WhiteElo "2318"]
[BlackElo "2172"]
[PlyCount "81"]
[EventDate "2005.11.22"]
[EventType "swiss"]
[EventRounds "9"]
[EventCountry "YUG"]
[SourceTitle "CBM 109 Extra"]
[Source "ChessBase"]
[SourceDate "2006.01.03"]
[SourceVersion "2"]
[SourceVersionDate "2006.01.03"]
[SourceQuality "1"]

1. d4 Nf6 2. c4 g6 3. Nc3 Bg7 4. e4 d6 5. Be2 0-0 6. Bg5 c5 7. d5 h6 8. Bf4 Qa5 9. Bd2 e6 10. Nf3 Qb6 11. Qc1 Kh7 12. a4 exd5 13. a5 Qd8 14. exd5 Re8 15. 0-0 Ng4 16. Re1 Nd7 17. h3 Nge5 18. Nh2 f5 19. f4 Nf7 20. Nf3 Nf6 21. Bd3 Bd7 22. Qc2 Nh8 23. Rxe8 Nxe8 24. Nd1 Bf6 25. Nf2 Ng7 26. g3 Qe7 27. Kg2 Rg8 28. Ra3 Nf7 29. Bc3 g5 30. fxg5 hxg5 31. g4 Nh6 32. gxf5 Bxf5 33. Ng4 Bxc3 34. Rxc3 Rf8 35. Bxf5+ Ngxf5 36. Re3 Qd8 37. Re6 Ng8 38. Ne3 Ngh6 39. Rxh6+ Kxh6 40. Nxf5+ Kh5 41. Ng7+ 1-0

[Event "SCG-chT2"]
[Site "Sutomore"]
[Date "2004.09.16"]
[Round "9.3"]
[White "Dragasevic, Srdjan"]
[Black "Radivojevic, Miladin"]
[Result "1/2-1/2"]
[WhiteElo "2308"]
[BlackElo "2128"]
[PlyCount "27"]
[EventDate "2004.09.10"]
[EventType "team"]
[EventRounds "9"]
[EventCountry "YUG"]
[SourceTitle "CBM 102 Extra"]
[Source "ChessBase"]
[SourceDate "2004.11.03"]
[SourceVersion "1"]
[SourceVersionDate "2004.11.03"]
[SourceQuality "1"]
[WhiteTeam "03"]
[BlackTeam "06"]
[WhiteTeamCountry "YUG"]
[BlackTeamCountry "YUG"]

1. d4 d5 2. Nf3 Nf6 3. Bg5 e6 4. e3 Be7 5. Nbd2 0-0 6. Bd3 Nbd7 7. 0-0 c5 8. c3 b6 9. Ne5 Nxe5 10. dxe5 Nd7 11. Bxe7 Qxe7 12. f4 Bb7 13. Qe2 f5 14. exf6 1/2-1/2

[Event "SCG-chT"]
[Site "Petrovac"]
[Date "2004.05.22"]
[Round "7.2"]
[White "Radivojevic, Ivan"]
[Black "Radivojevic, Miladin"]
[Result "1-0"]
[WhiteElo "2249"]
[BlackElo "2139"]
[PlyCount "149"]
[EventDate "2004.05.16"]
[EventType "team"]
[EventRounds "7"]
[EventCountry "YUG"]
[SourceTitle "CBM 100 Extra"]
[Source "ChessBase"]
[SourceDate "2004.07.06"]
[SourceVersion "2"]
[SourceVersionDate "2004.07.06"]
[SourceQuality "1"]
[WhiteTeam "16"]
[BlackTeam "17"]
[WhiteTeamCountry "YUG"]
[BlackTeamCountry "YUG"]

1. e4 g6 2. d4 Bg7 3. g3 c5 4. c3 cxd4 5. cxd4 Qb6 6. Ne2 d5 7. e5 Bg4 8. Qa4+ Qc6 9. Nec3 Qxa4 10. Nxa4 Nc6 11. Bb5 Bh3 12. Nc5 a6 13. Bxc6+ bxc6 14. Nc3 Nh6 15. Bxh6 Bxh6 16. Rg1 Bg4 17. h3 Bf3 18. Nd3 0-0 19. g4 Rab8 20. b3 Bg5 21. Rg3 Be4 22. Nxe4 dxe4 23. Nc5 Rfd8 24. Nxe4 Bf4 25. Rf3 g5 26. Rd1 Rb4 27. Rfd3 Kg7 28. Nc5 a5 29. a3 Rbb8 30. Ke2 Rd5 31. Ne4 Rbd8 32. Nc3 R5d7 33. d5 Bxe5 34. dxc6 Rxd3 35. Rxd3 Rc8 36. Nd5 e6 37. Ne7 Re8 38. Rd7 Kf8 39. c7 Bxc7 40. Rxc7 Rxe7 41. Rxe7 Kxe7 42. Kd3 f5 43. b4 a4 44. Kc4 Kd6 45. Kb5 f4 46. Ka6 Kc7 47. b5 Kb8 48. Kb6 e5 49. Kc5 Kb7 50. Kd5 Kb6 51. Kxe5 Kc5 52. Kf5 Kxb5 53. Kxg5 Kc4 54. Kh6 Kb3 55. Kxh7 Kxa3 56. g5 Kb4 57. g6 a3 58. g7 a2 59. g8Q a1Q 60. Qf8+ Kb5 61. Qxf4 Qd1 62. Qf5+ Kc6 63. h4 Qd8 64. Qg6+ Kb7 65. h5 Qh4 66. Qf7+ Kc6 67. f4 Kd6 68. Qg6+ Kd7 69. f5 Ke7 70. h6 Qf2 71. Qe6+ Kd8 72. f6 Qc2+ 73. Kh8 Qb2 74. Qg8+ Kd7 75. Qg7+ 1-0

[Event "SCG-chT"]
[Site "Petrovac"]
[Date "2004.05.18"]
[Round "3.3"]
[White "Nikac, Predrag"]
[Black "Radivojevic, Miladin"]
[Result "1-0"]
[WhiteElo "2338"]
[BlackElo "2139"]
[PlyCount "111"]
[EventDate "2004.05.16"]
[EventType "team"]
[EventRounds "7"]
[EventCountry "YUG"]
[SourceTitle "CBM 100 Extra"]
[Source "ChessBase"]
[SourceDate "2004.07.06"]
[SourceVersion "2"]
[SourceVersionDate "2004.07.06"]
[SourceQuality "1"]
[WhiteTeam "07"]
[BlackTeam "17"]
[WhiteTeamCountry "YUG"]
[BlackTeamCountry "YUG"]

1. e4 c5 2. Nf3 d6 3. d4 cxd4 4. Qxd4 a6 5. Nc3 Nc6 6. Qe3 Nf6 7. Bc4 e6 8. 0-0 Be7 9. a4 0-0 10. h3 Qc7 11. Qe2 b6 12. Bf4 Ne5 13. Nxe5 dxe5 14. Bg5 h6 15. Bh4 g5 16. Bg3 Bb7 17. Rad1 Kg7 18. Bd3 Kg6 19. f4 gxf4 20. Bxf4 exf4 21. e5+ Kg7 22. exf6+ Bxf6 23. Qg4+ Bg5 24. h4 f5 25. Qe2 Bxh4 26. Qxe6 Qc5+ 27. Kh1 Rae8 28. Qc4 Qe3 29. Nd5 Bxd5 30. Qxd5 Bg3 31. Bxa6 Kg6 32. Rd3 Qe4 33. Rd4 Qe7 34. Qd6+ Rf6 35. Qxe7 Rxe7 36. Bd3 h5 37. b4 Re5 38. Rd8 Rfe6 39. Rg8+ Kf7 40. Rb8 Re4 41. a5 Rxb4 42. a6 f3 43. Rb7+ Kf6 44. gxf3 Kg5 45. a7 Ra4 46. f4+ Kh4 47. Kg2 Bxf4 48. Rxf4+ Rxf4 49. a8Q Rg6+ 50. Kh1 Kg3 51. Qb8 Re6 52. Rg7+ Kf3 53. Qb7+ Ke3 54. Rg3+ Kd2 55. Qg2+ Ke1 56. Qh2 1-0

[Event "SCG-chT"]
[Site "Petrovac"]
[Date "2004.05.17"]
[Round "2.3"]
[White "Radivojevic, Miladin"]
[Black "Kurcubic, Aleksandar"]
[Result "1/2-1/2"]
[WhiteElo "2139"]
[BlackElo "2363"]
[PlyCount "165"]
[EventDate "2004.05.16"]
[EventType "team"]
[EventRounds "7"]
[EventCountry "YUG"]
[SourceTitle "CBM 100 Extra"]
[Source "ChessBase"]
[SourceDate "2004.07.06"]
[SourceVersion "2"]
[SourceVersionDate "2004.07.06"]
[SourceQuality "1"]
[WhiteTeam "17"]
[BlackTeam "15"]
[WhiteTeamCountry "YUG"]
[BlackTeamCountry "YUG"]

1. e4 e5 2. Nf3 Nc6 3. Bb5 a6 4. Ba4 Nf6 5. 0-0 Nxe4 6. d4 b5 7. Bb3 d5 8. dxe5 Be6 9. Nbd2 Nc5 10. c3 Be7 11. Bc2 Bg4 12. Qe2 Qd7 13. Re1 Bf5 14. Bxf5 Qxf5 15. Nb3 Nxb3 16. axb3 0-0 17. h3 Rfe8 18. g4 Qe6 19. Qd3 Red8 20. Be3 h6 21. Rac1 Rd7 22. Kg2 Nxe5 23. Nxe5 Qxe5 24. Bxh6 Qf6 25. Bd2 c5 26. g5 Qc6 27. Qf3 Rc8 28. Re5 g6 29. Rce1 Bf8 30. Bf4 Rdd8 31. h4 d4 32. R5e4 dxc3 33. bxc3 c4 34. bxc4 bxc4 35. Be5 Bg7 36. Qf4 Bxe5 37. Qxe5 Re8 38. Qf4 Rxe4 39. Qxe4 Qxe4+ 40. Rxe4 a5 41. Kf3 a4 42. Ke3 Kg7 43. Kd4 a3 44. Re3 Ra8 45. Re1 a2 46. Ra1 Rh8 47. Kxc4 Rxh4+ 48. Kb5 Rf4 49. Rxa2 Rf5+ 50. Kc6 Rxg5 51. c4 Rg1 52. Rc2 f5 53. c5 Kf6 54. Kd7 Rd1+ 55. Ke8 Re1+ 56. Kf8 Ra1 57. Ke8 Re1+ 58. Kd7 Rd1+ 59. Kc7 g5 60. c6 g4 61. Kb6 Rb1+ 62. Kc5 Ke7 63. Rd2 f4 64. c7 g3 65. fxg3 fxg3 66. Kc6 Rc1+ 67. Kb7 Rb1+ 68. Kc8 Rc1 69. Rd7+ Ke8 70. Rg7 Rc3 71. Kb7 Rb3+ 72. Kc6 Rc3+ 73. Kd6 Rd3+ 74. Ke5 Rc3 75. Kd4 Rc1 76. Kd5 g2 77. Kd6 Rd1+ 78. Kc6 Rc1+ 79. Kb7 Rb1+ 80. Kc8 Rb2 81. Rg3 Re2 82. Kb7 Rb2+ 83. Kc8 1/2-1/2